The law of environmental protection : (Record no. 11325)
[ view plain ]
| 000 -LEADER | |
|---|---|
| fixed length control field | 00446pam a2200157 a 4500 |
| 020 ## - INTERNATIONAL STANDARD BOOK NUMBER | |
| ISBN | 0314793097 |
| 040 ## - CATALOGING SOURCE | |
| Transcribing agency | DLC |
| 082 00 - DEWEY DECIMAL CLASSIFICATION NUMBER | |
| Classification number | 344 WES 1984 |
| -- | 347.30446 |
| 100 1# - MAIN ENTRY--AUTHOR NAME | |
| Personal name | Bonine, John E. |
| 245 14 - TITLE STATEMENT | |
| Title | The law of environmental protection : |
| Remainder of title | cases--legislation--policies / |
| 260 ## - PUBLICATION, DISTRIBUTION, ETC. (IMPRINT) | |
| Place of publication | St. Paul, Minn. : |
| Name of publisher | West, |
| Year of publication | 1984. |
| 300 ## - PHYSICAL DESCRIPTION | |
| Number of Pages | lxvii, 1076 p. : |
| Other physical details | ill. ; |
| Dimensions | 26 cm. |
| 650 #0 - SUBJECT ADDED ENTRY--TOPICAL TERM | |
| Topical Term | Environmental law |
| 700 1# - ADDED ENTRY--PERSONAL NAME | |
| Personal name | McGarity, Thomas O. |
| 942 ## - ADDED ENTRY ELEMENTS (KOHA) | |
| Koha item type | សៀវភៅភាសាអង់គ្លេស |
| 952 ## - LOCATION AND ITEM INFORMATION (KOHA) | |
| Withdrawn status [LOCAL, KOHA] | 0 |
| Permanent Location | Date acquired | Koha item type | Lost status | Shelving location | Barcode | Current Location | Full call number |
|---|---|---|---|---|---|---|---|
| Library Block A | 2017-08-01 | សៀវភៅភាសាអង់គ្លេស | A015 | A09192 | Library Block A | 344 WES 1984 A015 Or. |